La sociedad de consumo: sus mitos, sus estructuras
Saved in:
| Hovedforfatter: | |
|---|---|
| Format: | Bog |
| Sprog: | spansk |
| Udgivet: |
Madrid
Siglo Veintiuno de España Editores S. A
2009
|
| Fag: | |
| Tags: |
Tilføj Tag
Ingen Tags, Vær først til at tagge denne postø!
|
MARC
| LEADER | 00000cam a2200000 a 4500 | ||
|---|---|---|---|
| 001 | UCF9023 | ||
| 003 | CL-VaPUC | ||
| 008 | 131018e20090200sp |||||||||||||||||spa|d | ||
| 020 | |a 9788432313769 | ||
| 082 | 0 | 4 | |a 306.3 |b BAU |2 21 |
| 100 | 0 | |a Baudrillard, Jean |e author |9 492950 | |
| 245 | 1 | 3 | |a La sociedad de consumo: sus mitos, sus estructuras |
| 300 | |a 255 p | ||
| 942 | |c BK | ||
| 945 | |d 20131018 14:00:00 |a dcastane | ||
| 260 | |a Madrid |b Siglo Veintiuno de España Editores S. A |c 2009 | ||
| 650 | 7 | |a CONSUMISMO |2 CL-VaPUC |9 571175 | |
| 650 | 0 | |a Desarrollo social |9 264534 | |
| 650 | 0 | |a Desarrollo cultural |9 267526 | |
| 650 | 0 | |a Desarrollo económico y social |9 256320 | |
| 650 | 7 | |a SOCIOLOGIA DEL DESARROLLO |2 CL-VaPUC |9 413573 | |
| 583 | |a last modification |c 20171123 11:01:50 |k Rodrigo Vera | ||
| 999 | |c 353508 |d 353506 | ||
| 952 | |0 0 |1 0 |3 erb |4 0 |6 306_300000000000000_BAU_2009 |7 0 |8 A |9 458822 |a BIBEDU |b BIBEDU |d 2019-11-23 |i 5019052 |o 306.3 BAU 2009 |p 5019052 |r 2019-11-23 |w 2019-11-23 |y BK |z Catalogado en:20131018 |k PSI | ||